Get the Picture: Continents Quiz Stats

 Plays Quiz Updated Mar 9, 2019

Score 0/15 Timer 02:00
7 Plays Today
Question Answer Wrong Answers
Belarus Europe
91.3%
Africa
1.7%
Asia
3.8%
Ukraine Europe
91.3%
Africa
0.9%
Asia
4.5%
eSwatini Africa
89.5%
Europe
1.5%
Asia
5.7%
Kosovo Europe
88.3%
Africa
2.8%
Asia
5.6%
Moldova Europe
88.2%
Africa
4.1%
Asia
4.7%
Malta Europe
87.1%
Africa
5.1%
Asia
4.6%
Qatar Asia
86%
Europe
2.3%
Africa
8.5%
Brunei Asia
80.4%
Europe
3.7%
Africa
12.6%
Kyrgyzstan Asia
79.8%
Europe
14.1%
Africa
2.8%
Burundi Africa
78.4%
Europe
1.8%
Asia
16.9%
Comoros Africa
77.4%
Europe
6.1%
Asia
13.4%
Mauritius Africa
76.2%
Europe
5.5%
Asia
14.9%
Benin Africa
76.1%
Europe
6.6%
Asia
14.1%
Timor-Leste Asia
65.1%
Europe
4.1%
Africa
27.8%
Maldives Asia
64.1%
Europe
11.4%
Africa
21.6%

Today's Daily Dose

Missing Word
Sherlocks

Word Ladder
King of the Hill

Quick Pick
Songs in Pink

Get the Picture
NBA Teammates

You're not logged in!

Compare scores with friends on all Sporcle quizzes.
OR
Log In

Sporcle TV

Today on Sporcle TV


Watch our educational content, quiz creation guides, and fun videos on Sporcle TV.

Show Comments

Extras

Top Quizzes Today


Score Distribution

Your Account Isn't Verified!

In order to create a playlist on Sporcle, you need to verify the email address you used during registration. Go to your Sporcle Settings to finish the process.

Report this User

Report this user for behavior that violates our Community Guidelines.

Details: